Le Théâtre au Canada français / (Record no. 16708)
[ view plain ]
| 000 -LEADER | |
|---|---|
| fixed length control field | 00855nam a22002652 4500 |
| 001 - CONTROL NUMBER | |
| control field | 16708 |
| 003 - CONTROL NUMBER IDENTIFIER | |
| rucl marc code | BD-RjUL |
| 005 - DATE AND TIME OF LATEST TRANSACTION | |
| control field | 20211209000036.0 |
| 008 - FIXED-LENGTH DATA ELEMENTS--GENERAL INFORMATION | |
| fixed length control field | 140215s1964 qucac b 001 0 fre d |
| 035 ## - SYSTEM CONTROL NUMBER | |
| System control number | (BD-RjUL)16763 |
| 040 ## - CATALOGING SOURCE | |
| Original cataloging agency | BBH |
| Transcribing agency | BBH |
| Modifying agency | BD-RjUL |
| Language of cataloging | eng |
| 041 ## - LANGUAGE CODE | |
| Language code of text/sound track or separate title | eng |
| 082 ## - DEWEY DECIMAL CLASSIFICATION NUMBER | |
| Classification number | 792.00 |
| Author mark and year | HAL 1964 |
| 090 ## - LOCALLY ASSIGNED LC-TYPE CALL NUMBER (OCLC); LOCAL CALL NUMBER (OCLC) | |
| Classification number (OCLC) (R) ; Classification number, CALL (RLIN) (NR) | PN2305.Q4 |
| Local cutter number (OCLC) ; Book number/undivided call number, CALL (RLIN) | H35 |
| 100 1# - MAIN ENTRY--PERSONAL NAME | |
| Personal name | Hamelin, Jean, |
| Dates associated with a name | 1920-1970. |
| 9 (RLIN) | 51614 |
| 245 13 - TITLE STATEMENT | |
| Title | Le Théâtre au Canada français / |
| Statement of responsibility, etc. | par Jean Hamelin. |
| 260 ## - PUBLICATION, DISTRIBUTION, ETC. (IMPRINT) | |
| Place of publication, distribution, etc. | Québec : |
| Name of publisher, distributor, etc. | Ministère des Affaires culturelles, |
| Date of publication, distribution, etc. | 1964. |
| 300 ## - PHYSICAL DESCRIPTION | |
| Pagination | 85 p. : |
| Illustrations | ill., ports. ; |
| Size | 23 cm. |
| 490 1# - SERIES STATEMENT | |
| Series statement | Collection art, vie et sciences au Canada français ; |
| Volume/sequential designation | 2 |
| 504 ## - BIBLIOGRAPHY, ETC. NOTE | |
| Bibliography, etc | Bibliography: p. 80. |
| 650 #0 - SUBJECT ADDED ENTRY--TOPICAL TERM | |
| Topical term or geographic name as entry element | Theater |
| Geographic subdivision | Québec (Province) |
| 9 (RLIN) | 51615 |
| 830 #0 - SERIES ADDED ENTRY--UNIFORM TITLE | |
| Volume number/sequential designation | 2 |
| Uniform title | Collection art, vie et sciences au Canada français ; |
| 942 ## - ADDED ENTRY ELEMENTS (KOHA) | |
| Source of classification or shelving scheme | Dewey Decimal Classification |
| Koha item type | Books |
| Lost status | Source of classification or shelving scheme | Damaged status | Not for loan | Collection code | Permanent Location | Current Location | Shelving location | Date acquired | Source of acquisition | Total Checkouts | Full call number | Date last seen | Copy number | Koha item type |
|---|---|---|---|---|---|---|---|---|---|---|---|---|---|---|
| Dewey Decimal Classification | Not For Loan | Non-fiction | Central Library, University of Rajshahi | Central Library, University of Rajshahi | Reading Room | 16/07/1968 | Canada Govt. | 792.00 HAL 1964 | 15/02/2014 | C-1 | Books |